<?xml version="1.0" encoding="UTF-8"?>
<collection xmlns="http://www.loc.gov/MARC21/slim">
 <record>
  <leader>00739nam a2200229   4500</leader>
  <controlfield tag="001">000015155</controlfield>
  <controlfield tag="003">11531</controlfield>
  <controlfield tag="005">20150812150857.0</controlfield>
  <controlfield tag="008">120522s1998                           sd</controlfield>
  <datafield tag="245" ind1="0" ind2="0">
   <subfield code="a">Thiết kế bài học tác phẩm văn chương ở nhà trường phổ thông</subfield>
   <subfield code="c">Phan Trọng Luận</subfield>
  </datafield>
  <datafield tag="250" ind1=" " ind2=" ">
   <subfield code="a">tái bản lần 1</subfield>
  </datafield>
  <datafield tag="260" ind1=" " ind2=" ">
   <subfield code="a">H.</subfield>
   <subfield code="b">Giáo dục</subfield>
   <subfield code="c">1998</subfield>
  </datafield>
  <datafield tag="774" ind1=" " ind2=" ">
   <subfield code="b">Tái bản lần 1</subfield>
   <subfield code="d">Giáo dục</subfield>
   <subfield code="d">H.</subfield>
   <subfield code="d">1998</subfield>
   <subfield code="g">T.1</subfield>
   <subfield code="h">176tr</subfield>
   <subfield code="w">11532</subfield>
  </datafield>
  <datafield tag="774" ind1=" " ind2=" ">
   <subfield code="b">Tái bản lần 1</subfield>
   <subfield code="d">Giáo dục</subfield>
   <subfield code="d">H.</subfield>
   <subfield code="d">1998</subfield>
   <subfield code="g">T.2</subfield>
   <subfield code="h">175tr</subfield>
   <subfield code="w">11534</subfield>
  </datafield>
  <datafield tag="OWN" ind1=" " ind2=" ">
   <subfield code="a">LSP</subfield>
  </datafield>
  <datafield tag="999" ind1=" " ind2=" ">
   <subfield code="a">From the UDN01</subfield>
  </datafield>
  <datafield tag="TYP" ind1=" " ind2=" ">
   <subfield code="a">Monograph</subfield>
  </datafield>
  <datafield tag="TYP" ind1=" " ind2=" ">
   <subfield code="a">Printed language</subfield>
  </datafield>
  <datafield tag="980" ind1=" " ind2=" ">
   <subfield code="a">Mạng thư viện Đại học Đà Nẵng</subfield>
  </datafield>
 </record>
</collection>
